Statistics for NFL Test

Click here to take the quiz!

General Stats

  • This quiz has been taken 30 times
  • The average score is 11 of 15

Answer Stats

QuestionAnswer% Correct
what team is from Dallas?Cowboys
100%
what team won the 1st super bowl?Packers
93%
what are the conferencesAFC and NFC
90%
what QB is better overall?Tom Brady
90%
what team has choked 28-3 lead?Falcons
83%
what 2 teams have the most super bowlsNE, PIT
83%
who's the goatTom Brady
83%
how many divisions?8
79%
what state has the most NFL teams? (there's 2 but I put 1 of them)California
69%
what team went undefeatedDolphins
69%
Eagles biggest rival?Cowboys
66%
what team has choked big leads the most?Falcons
55%
who has the most wins as coach?Don Shula
48%
what NFL team plays in New York?Bills
31%
What city did the Redskins play before moving to Washington D.C.?Boston
31%

Score Distribution

Percentile by Number Answered

Percent of People with Each Score

Your Score History

You have not taken this quiz